000 00755cam a22002533a 4500
001 8866
003 PGUSA
005 20140828083205.0
008 050901s2005||||xxu|||||s|||||000 | eng d
040 _aPGUSA
_beng
042 _adc
050 4 _aQK
100 1 _aBlanchan, Neltje,
_d1865-1918
245 1 0 _aWild Flowers Worth Knowing
_h[electronic resource] /
_cNeltje Blanchan
260 _bProject Gutenberg,
_c2005
500 _aAdapted from Nature's Garden by Asa Don Dickinson
506 _aPublic domain in the USA.
516 _aElectronic text
653 _aWild flowers -- North America
700 1 _aDickinson, Asa Don,
_d1876-1960
830 0 _aProject Gutenberg
_v8866
856 4 0 _uhttp://www.gutenberg.org/ebooks/8866
942 _cEB
999 _c238150
_d238150